Loading...
| Literature - European | 0 | 8 | 1 | 0 | 75 | 35 | 54.38 | 0 | 4 | 34.70 | 50.75 |
| Literature - American | 0 | 7 | 3 | 1 | 55 | 13 | 52.14 | 1 | 4 | 32.87 | 37.45 |
| Literature - British | 0 | 6 | 1 | 0 | 55 | 34 | 60.00 | 0 | 4 | 23.80 | 37.29 |
| Fine Arts - Other | 0 | 5 | 0 | 0 | 50 | 57 | 77.40 | 0 | 1 | 11.86 | 22.86 |
| Literature - World | 0 | 4 | 0 | 1 | 40 | 38 | 60.75 | 1 | 3 | 15.90 | 27.08 |
| Mythology | 0 | 3 | 0 | 1 | 30 | 60 | 83.67 | 0 | 1 | 5.80 | 11.11 |
| History - American | 0 | 3 | 1 | 1 | 25 | 67 | 90.00 | 0 | 0 | 5.33 | 5.56 |
| Social Science | 0 | 2 | 0 | 0 | 20 | 48 | 57.00 | 0 | 1 | 9.12 | 13.89 |
| History - Other | 0 | 3 | 2 | 1 | 20 | 90 | 101.67 | 0 | 0 | 1.67 | 9.03 |
| Philosophy | 0 | 2 | 0 | 0 | 20 | 69 | 87.00 | 0 | 0 | 3.47 | 10.19 |
| History - European | 0 | 2 | 1 | 2 | 15 | 102 | 106.00 | 0 | 0 | 0.00 | 1.34 |
| Geography | 0 | 1 | 0 | 0 | 10 | 67 | 67.00 | 0 | 1 | 6.52 | 14.10 |
| Fine Arts - Painting and Sculpture | 0 | 1 | 0 | 0 | 10 | 120 | 120.00 | 0 | 0 | 0.46 | 2.78 |
| Current Events | 0 | 1 | 0 | 0 | 10 | 97 | 97.00 | 0 | 0 | 2.20 | 10.00 |
| Religion | 0 | 1 | 0 | 0 | 10 | 72 | 72.00 | 0 | 0 | 2.51 | 3.85 |
| History - World | 0 | 2 | 3 | 0 | 5 | 62 | 79.00 | 0 | 0 | 4.73 | 2.78 |
| Popular Culture | 0 | 0 | 1 | 0 | -5 | 0.00 | 0 | 0 | 0.00 | 0.00 |